Udelenie azylu

Bibliographic Details
Format: Article
Language:Slovak

MARC

LEADER 00000nab a2200000ua 4500
001 vtls010836481
003 SK-MaSNL
005 20260225204044.0
008 230222s2008 xo |||||||||||||||||slo|
035 |a (urnnbn)urn:nbn:sk:snk:ar-a06thf 
035 |a urn:nbn:sk:snk-ab6073 
035 |a (uuid)cd3243a2-3b68-4740-b660-22c2b70d3272 
040 |a SNKBUCL  |b slo  |c SNKBUCL  |e AACR2 
041 0 |a slo 
044 |a xo  |c SK 
245 0 0 |a Udelenie azylu 
773 0 |t Zo súdnej praxe  |g Roč. 13, č. 3 (2008), s. 108-112 
954 |a odborná, vedecká literatúra pôvodná (slovenská)  |2 lita 
958 |a OND 
958 |a EUIPO 
958 |a article5 
999 |c 1994739  |d 1996669